Popri pozitívach i nedostatky Dnes sa v Bukurešti začína 14. zjazd RKS

Bibliographic Details
Format: Article
Language:Slovak
Subjects:

MARC

LEADER 00000nab a2200000 a 4500
001 vtls000363403
003 SK-MaSNL
005 20260303201931.0
008 240102c1989 xo 0 slo
015 |a SNBRB19rr/mm-uuuuu 
035 |a CL0363525 
040 |a SNKBUCL  |b slo  |c SNKBUCL  |e AACR2 
041 0 |a slo 
044 |a xo  |c SK 
080 |a 329.15(100-11)(498)  |2 1981 
245 0 0 |a Popri pozitívach i nedostatky  |b Dnes sa v Bukurešti začína 14. zjazd RKS 
650 0 7 |a Rumunská komunistická strana  |2 snkbucl  |9 950037 
655 7 |a články z novín a časopisov  |2 snkbucl  |9 267496 
773 0 |t Pravda  |g Roč. 70, č. 273 (20. 11. 1989), s. 1 
850 |a Slovenská národná knižnica v Martine  |a MTA001 
852 |a SNK  |b KIS3GCP 
958 |a RK 
958 |a RO 
992 |a RBX 
999 |c 2177098  |d 2179028